Presidents by Postage Stamp Quiz Stats

Quiz Updated Apr 10, 2014

Challenge
Share
Tweet
Score 0/38 Timer 06:00
1 Play Today
% Correct
Richard M. Nixon
93%
Abraham Lincoln
89.6%
John F. Kennedy
86.9%
Ronald Reagan
83.7%
Franklin D. Roosevelt
83.6%
Dwight D. Eisenhower
82.2%
Thomas Jefferson
75.8%
Gerald R. Ford
75.2%
Theodore Roosevelt
74.7%
John Adams
73.4%
George Washington
73.4%
Lyndon B. Johnson
72%
Ulysses S. Grant
71.3%
Harry S. Truman
70.5%
Woodrow Wilson
61%
William H. Taft
58%
James Madison
52.1%
Herbert Hoover
51.5%
James A. Garfield
42.6%
% Correct
Andrew Johnson
40.8%
James Monroe
38.5%
Andrew Jackson
38.5%
Rutherford B. Hayes
35.2%
William Henry Harrison
34.8%
Benjamin Harrison
34%
Grover Cleveland
33.4%
William McKinley
31.8%
Zachary Taylor
30.6%
Calvin Coolidge
30.6%
Franklin Pierce
30%
James K. Polk
30%
Warren G. Harding
29.6%
Martin Van Buren
27.9%
Chester A. Arthur
24%
John Tyler
22.8%
John Quincy Adams
20.4%
James Buchanan
17.4%
Millard Fillmore
17%

You're not logged in!

Compare scores with friends on all Sporcle quizzes.
Sign Up with Email
OR
Log In

You Might Also Like...

Show Comments

Extras

Top Quizzes Today


Score Distribution

Your Account Isn't Verified!

In order to create a playlist on Sporcle, you need to verify the email address you used during registration. Go to your Sporcle Settings to finish the process.